| 000 | 01318nam a2200337Ia 4500 | ||
|---|---|---|---|
| 001 | ebr10251786 | ||
| 003 | CaPaEBR | ||
| 006 | m u | ||
| 007 | cr cn||||||||| | ||
| 008 | 070924s2008 nju sb 001 0 eng d | ||
| 010 | _z 2007039075 | ||
| 020 | _z0813543207 | ||
| 020 | _z9780813543208 | ||
| 040 |
_aCaPaEBR _cCaPaEBR |
||
| 035 | _a(OCoLC)271432549 | ||
| 050 | 1 | 4 |
_aHD9199.U54 _bS734 2008eb |
| 082 | 0 | 4 |
_a338.7/616479573 _222 |
| 100 | 1 |
_aFellner, Kim, _d1948- |
|
| 245 | 1 | 0 |
_aWrestling with Starbucks _h[electronic resource] : _bconscience, capital, cappuccino / _cKim Fellner. |
| 260 |
_aNew Brunswick, N.J. : _bRutgers University Press, _cc2008. |
||
| 300 | _avii, 283 p. | ||
| 504 | _aIncludes bibliographical references and index. | ||
| 533 |
_aElectronic reproduction. _bPalo Alto, Calif. : _cebrary, _d2009. _nAvailable via World Wide Web. _nAccess may be limited to ebrary affiliated libraries. |
||
| 610 | 2 | 0 | _aStarbucks Coffee Company. |
| 650 | 0 |
_aCoffee industry _zUnited States. |
|
| 650 | 0 |
_aCoffee _zUnited States _xMarketing. |
|
| 650 | 0 |
_aCorporate culture _zUnited States. |
|
| 655 | 7 |
_aElectronic books. _2local |
|
| 710 | 2 | _aebrary, Inc. | |
| 856 | 4 | 0 |
_uhttp://site.ebrary.com/lib/rucke/Doc?id=10251786 _zAn electronic book accessible through the World Wide Web; click to view |
| 999 |
_c149254 _d149254 |
||